Peinture par lettre - O - Statistiques

Statistiques générales
  • Ce quiz a été pris 49 fois
  • Le résultat moyen est 12 sur 20
Statistiques - réponses
Indices Réponses % Correct
Partie du corps tranchée chez Vincent Van Gogh oreille
100%
Musée parisien où sont exposés trois des tableaux mentionnés dans ce quiz mais aussi, entre autres, Le Déjeuner sur l'herbe et Les Joueurs de cartes Musée d'{Orsay}
93%
Tableau de Gustave Courbet représentant un sexe féminin l'{Origine} {du} {monde}
89%
Mot associé à "clair" pour former une technique picturale présentant un contraste entre zones claires et zones sombres obscur
87%
Zone sombre créée par l'interposition d'un objet entre une source de lumière et une surface qu'elle éclaire, pouvant être portée ou relative, c'est en peinture une cause essentielle de la perception des valeurs ombre
78%
Réalisation créative dans le domaine de l'art appartenant à un auteur œuvre
71%
Mouvement marquant l'intérêt et la curiosité des artistes aux XVIIIe et XIXe siècles pour le Maghreb et le Moyen-Orient orientalisme
71%
Les différentes copies d'une peinture sont tirées de cet exemplaire original
71%
Élément ajouté à un objet, une peinture, afin de l'embellir ornement
71%
Pigment naturel utilisé par exemple dans la grotte de Lascaux ocre
69%
La gouache est une peinture de ce type, au contraire de l'aquarelle qui elle est transparente opaque
69%
Musée d'art rattaché en 2010 au précédent où l'on retrouve de nombreux Nymphéas de Monet Musée de l'{Orangerie}
62%
Branche du cubisme créée par Apollinaire portant le nom d'un héros de la mythologie grecque descendu aux Enfers pour retrouver sa femme Eurydice orphisme
53%
Confession dans laquelle les icônes ont une place prépondérante orthodoxie
49%
Musée d'art le plus célèbre de Florence, où se trouvent La Naissance de Vénus et Le Printemps de Botticelli ainsi que Tête de Méduse du Caravage galerie des {Offices}
38%
Femme de chambre turque ou concubine de harem représentée nue par Delacroix, Ingres ou encore Matisse odalisque
33%
Ville du Doubs, natale de Gustave Courbet qui y a peint Un enterrement célèbre Ornans
33%
Tableau de Millais représentant un personnage de Hamlet chantant avant sa noyade Ophélie
31%
Deuxième tableau d'Édouard Manet le plus connu représentant une femme noire habillée ainsi qu'une femme blanche nue Olympia
24%
Mouvement artistique allemand succédant à l'expressionnisme et dont Otto Dix a fait partie Nouvelle {Objectivité}
13%
Aucun quiz correspondant
Distribution des résultats
% des personnes avec chaque résultat
Percentile par nombre de réponses
Votre historique - résultats
Vous n’avez pas pris ce quiz